[Event "Brasschaat op 15th"]
[Site "Brasschaat"]
[Date "2015.08.18"]
[Round "4"]
[White "Beukema, Jasper"]
[Black "Verbeeck, Kevin"]
[Result "1-0"]
[WhiteElo "1988"]
[BlackElo "1845"]
[PlyCount "41"]
[EventDate "2015.08.15"]
[EventType "swiss"]
[EventRounds "9"]
[EventCountry "BEL"]
[SourceTitle "EXT 2016"]
[Source "ChessBase"]
[SourceDate "2015.10.08"]
[SourceVersion "1"]
[SourceVersionDate "2015.10.08"]
[SourceQuality "1"]

1. e4 c5 2. Nc3 Nc6 3. Bb5 Nd4 4. Bc4 e6 5. Nge2 Nxe2 6. Qxe2 g6 7. 0-0 a6 8. d3 Bg7 9. f4 b5 10. Bb3 Ne7 11. Be3 Qb6 12. f5 Bd4 13. Bxd4 cxd4 14. Qf2 exf5 15. exf5 Nxf5 16. Nd5 Qd8 17. Rae1+ Kf8 18. Qd2 Kg8 19. Rxf5 gxf5 20. Qh6 f6 21. Re7 1-0

[Event "Brasschaat op 15th"]
[Site "Brasschaat"]
[Date "2015.08.17"]
[Round "3"]
[White "Verbeeck, Kevin"]
[Black "Boersma, Kees"]
[Result "1-0"]
[WhiteElo "1845"]
[BlackElo "1585"]
[PlyCount "51"]
[EventDate "2015.08.15"]
[EventType "swiss"]
[EventRounds "9"]
[EventCountry "BEL"]
[SourceTitle "EXT 2016"]
[Source "ChessBase"]
[SourceDate "2015.10.08"]
[SourceVersion "1"]
[SourceVersionDate "2015.10.08"]
[SourceQuality "1"]

1. e4 d5 2. exd5 Qxd5 3. Nc3 Qd6 4. g3 c6 5. Bg2 g6 6. Nf3 Bg7 7. 0-0 Nf6 8. d4 Bg4 9. h3 Be6 10. Bf4 Qd8 11. Ng5 Bc4 12. Re1 0-0 13. b3 Ba6 14. Rb1 h6 15. Nf3 Nh5 16. Be3 Nd7 17. Qd2 Kh7 18. Rbd1 e6 19. Ne4 f6 20. g4 f5 21. Neg5+ hxg5 22. Nxg5+ Kg8 23. Nxe6 Qf6 24. Bg5 Qf7 25. Nxf8 Rxf8 26. Re7 1-0

[Event "Brasschaat op 14th"]
[Site "Brasschaat"]
[Date "2014.08.17"]
[Round "2"]
[White "Verbeeck, Kevin"]
[Black "Gieben, Stijn"]
[Result "0-1"]
[WhiteElo "1818"]
[BlackElo "2134"]
[PlyCount "70"]
[EventDate "2014.08.16"]
[EventType "swiss"]
[EventRounds "9"]
[EventCountry "BEL"]
[SourceTitle "CBM 161 Extra"]
[Source "ChessBase"]
[SourceDate "2014.08.29"]
[SourceVersion "1"]
[SourceVersionDate "2014.08.29"]
[SourceQuality "1"]

1. e4 c5 2. Nc3 d6 3. g3 Nc6 4. Bg2 e5 5. Nge2 Be7 6. 0-0 Nf6 7. d3 Bd7 8. h3 Nd4 9. f4 Bc6 10. Be3 Qc7 11. Qd2 0-0 12. fxe5 dxe5 13. g4 Rad8 14. Ng3 c4 15. g5 Nd7 16. Nd5 Bxd5 17. exd5 Nb6 18. c3 Ne6 19. Nf5 Nxd5 20. Nxe7+ Qxe7 21. Rf5 Qc7 22. Re1 Ne7 23. Rff1 cxd3 24. Qf2 f5 25. Bxa7 Nc8 26. Be3 e4 27. Qh4 g6 28. Bd2 Nd6 29. Qg3 Nc4 30. Qxc7 Nxc7 31. Bf4 Nd5 32. b3 Nxf4 33. bxc4 d2 34. Rb1 e3 35. Bf3 e2 0-1